Football - Les coéquipiers français de Ronaldinho - Statistiques

Statistiques générales
  • Ce quiz a été pris 72 fois
  • Le résultat moyen est 5 sur 21
Statistiques - réponses
Club et poste du joueur Nombre de minutes jouées ensemble Réponse % Correct
FC Barcelone (ATT) 1055 minutes jouées Thierry HENRY
85%
FC Barcelone (ATT) 5849 minutes jouées Ludovic GIULY
75%
FC Barcelone (DEF) 1347 minutes jouées Éric ABIDAL
63%
FC Barcelone (DEF) 2865 minutes jouées Lilian THURAM
51%
PSG (ATT) 679 minutes jouées Nicolas ANELKA
31%
PSG (GB) 2175 minutes jouées Jérôme ALONZO
28%
PSG (GB) 3276 minutes jouées Lionel LETIZI
26%
Milan AC (MIL) 2391 minutes jouées Mathieu FLAMINI
25%
PSG (DEF) 4323 minutes jouées Frédéric DÉHU
24%
PSG (MIL) 472 minutes jouées Bernard MENDY
22%
PSG (MIL) 3418 minutes jouées Jérôme LEROY
19%
PSG (ATT) 504 minutes jouées Laurent LEROY
19%
PSG (MIL) 1131 minutes jouées Édouard CISSÉ
18%
PSG (ATT) 3119 minutes jouées Fabrice FIORÈSE
18%
PSG (DEF) 2784 minutes jouées Lionel POTILLON
7%
PSG (DEF) 795 minutes jouées Francis LLACER
6%
PSG (MIL) 1036 minutes jouées Stéphane PÉDRON
4%
PSG (ATT) 331 minutes jouées Alioune TOURÉ
3%
PSG (DEF) 828 minutes jouées Didier DOMI
3%
PSG (MIL) 277 minutes jouées Romain ROCCHI
1%
PSG (GB) 46 minutes jouées Stéphane GILLET
0%
Aucun quiz correspondant
Distribution des résultats
% des personnes avec chaque résultat
Percentile par nombre de réponses
Votre historique - résultats
Vous n’avez pas pris ce quiz